Dor e Jadeed kay 4 barray masaail (Record no. 325536)
[ view plain ]
| 000 -LEADER | |
|---|---|
| fixed length control field | 00355 a2200133 4500 |
| 001 - CONTROL NUMBER | |
| control field | 90463 |
| 003 - CONTROL NUMBER IDENTIFIER | |
| control field | NUST |
| 005 - DATE AND TIME OF LATEST TRANSACTION | |
| control field | 20180124165113.0 |
| 082 ## - DEWEY DECIMAL CLASSIFICATION NUMBER | |
| Classification number | 615.532 JAV |
| 100 ## - MAIN ENTRY--PERSONAL NAME | |
| Personal name | Javed Iqbal Dr |
| 9 (RLIN) | 9865 |
| 245 ## - TITLE STATEMENT | |
| Title | Dor e Jadeed kay 4 barray masaail |
| Statement of responsibility, etc. | Javed Iqbal |
| Medium | Urdu |
| 260 ## - PUBLICATION, DISTRIBUTION, ETC. | |
| Place of publication, distribution, etc. | Lahore |
| Name of publisher, distributor, etc. | Ilm-o-Irfan Publishers |
| Date of publication, distribution, etc. | 2013 |
| 300 ## - PHYSICAL DESCRIPTION | |
| Extent | 312p. |
| 500 ## - GENERAL NOTE | |
| General note | General Collection |
| 942 ## - ADDED ENTRY ELEMENTS (KOHA) | |
| Institution code [OBSOLETE] | CAE NUST |
| Koha item type | Book |
| Call number prefix | 615.532 JAV |
| Source of classification or shelving scheme | |
| Withdrawn status | Lost status | Damaged status | Not for loan | Collection code | Permanent Location | Current Location | Date acquired | Total Checkouts | Full call number | Barcode | Date last seen | Price effective from | Koha item type |
|---|---|---|---|---|---|---|---|---|---|---|---|---|---|
| College of Aeronautical Engineering (CAE) | College of Aeronautical Engineering (CAE) | 04/03/2017 | 615.532 JAV | CAE86479 | 04/05/2017 | 04/05/2017 | Book |
